A hivatásturizmus jelentősége a szállodai bevételekre és hazánk versenyképessége a szállodai és rendezvényhelyszíni kapacitás tekintetében

Bibliographic Details
Main Author: Szandai Lóránd Dániel
Other Authors: Karakasné Morvay Klára
Format: Thesis
Kulcsszavak:Hivatásturizmus
Meeting industry, találkozópiac
Gazdasági válság, hatás, turizmus
Hivatásturizmus, Budapest
Hivatásturizmus, Bécs
Hivatásturizmus, Prága
Elemzés, összehasonlító
Online Access:http://dolgozattar.uni-bge.hu/59388

MARC

LEADER 00000nta a2200000 i 4500
001 dolg59388
005 20260114112739.0
008 260114suuuu hu om 000 hun d
040 |a BGE Dolgozattár Repozitórium  |b hun 
041 |a hu 
100 1 |a Szandai Lóránd Dániel 
245 1 2 |a A hivatásturizmus jelentősége a szállodai bevételekre és hazánk versenyképessége a szállodai és rendezvényhelyszíni kapacitás tekintetében  |c Szandai Lóránd Dániel  |h [elektronikus dokumentum] 
695 |a Hivatásturizmus 
695 |a Meeting industry, találkozópiac 
695 |a Gazdasági válság, hatás, turizmus 
695 |a Hivatásturizmus, Budapest 
695 |a Hivatásturizmus, Bécs 
695 |a Hivatásturizmus, Prága 
695 |a Elemzés, összehasonlító 
700 1 |a Karakasné Morvay Klára  |e ths 
856 4 0 |u http://dolgozattar.uni-bge.hu/59388/1/Szandai-Lorand-Daniel.pdf  |z Dokumentum-elérés